000 00307nam a22001337a 4500
082 _a823
_bOLD/M
100 _aOLDFIELD, JENNY
245 _aMY MAGICAL PONY
246 _aMY MAGICAL PONY
_bMY MAGICAL PONY
260 _aU K
_bHODDER CHILDREN
_c2007
300 _a142
650 _aENGLISH FICTION
942 _cBK
999 _c8770
_d8770